Biblioteca

"¿Qué es lo que cree?" (Registro nro. 52175)

Detalles MARC
000 -LÍDER
Campo fijo de descripción fija 00986aab a2200193 i 4500
001 - NÚMERO DE CONTROL
Campo de control 768714001
003 - IDENTIFICADOR DEL NÚMERO DE CONTROL
Campo de control CO-MdFUSB
005 - FECHA Y HORA DE LA ULTIMA TRANSACCIÓN
control field 20240424104832.0
008 - ELEMENTOS DE LONGITUD FIJA -- INFORMACIÓN GENERAL
Campo fijo de descripción fija -- Información general 221011s1996 ag ||||| |||| 00| 0 spa d
040 ## - FUENTE DE CATALOGACIÓN
Idioma de catalogación spa
Agencia que realiza la transcripción CO-MdFUSB
Agencia que realiza la modificación CO-MdFUSB
041 ## - CÓDIGO DE IDIOMA
Código de idioma para texto/pista de sonido o título separado spa
100 1# - ASIENTO PRINCIPAL--NOMBRE PERSONAL
Nombre personal Chao Montes, J. Jorge
Término relacionador autor
245 10 - TÍTULO
Título "¿Qué es lo que cree?"
Mención de responsabilidad / J. Jorge Chao Montes
300 ## - DESCRIPCIÓN FÍSICA
Extensión Volumen 15, número 1 (enero - marzo, 1996), páginas: 12 - 14
Dimensiones ; 27 cm
520 ## - NOTA DE RESUMEN, ETC.
Nota de sumario, etc. En un amplio sector de las iglesias de corte popular, se extiende y a veces se agudiza la ya desafortunadamente existente y generalizada falta de interés por estudiar, con un mínimo de precisión, el texto bíblico.<br/>No todo lo que crece es positivo, saludable, bíblico y debe ser, por lo tanto, bienvenido de manera irreflexiva.
650 #0 - ASIENTO SECUNDARIO DE MATERIA - TERMINO TEMÁTICO
9 (RLIN) 1860
Término temático o nombre geográfico como elemento de entrada Teología de la prosperidad
773 0# - ASIENTO DE ITEM FUENTE
Título Iglesia y Misión
Biblionumber 49402
Itemnumber 59641
Parte(s) relacionada(s) / Volumen., número. (mes año), páginas Volumen 15, número 1 (enero - marzo, 1996), páginas: 12 - 14
Enumeración y primera página páginas: 12
942 ## - TIPO DE MATERIAL (KOHA)
Tipo de Item KOHA Artículos de Revista

No hay ítems disponibles.

Biblioteca FUSBC | Teléfono: (57+4) 349 88 10 Ext. 141| WhatsApp (+57) 3005338115 
E-mail: biblioteca@unisbc.edu.co | Calle 76 87-14 Robledo Palenque, Medellín, Colombia

Con tecnología Koha